Autorské právo v praxi

Gespeichert in:
Bibliographische Detailangaben
1. Verfasser: Faladová, Adéla
Format: Buch
Sprache:Tschechisch
Veröffentlicht: Praha FCC Public 2015
Schlagworte:
Tags: Tag hinzufügen
Keine Tags, Fügen Sie das erste Tag hinzu!

MARC

LEADER 00000nam a2200000 4500
001 0223972
005 20240315114356.1
020 |a 978-80-86534-26-8 
041 0 |a cze 
044 |a CZ 
245 1 0 |a Autorské právo v praxi  |c Adéla Faladová 
264 1 |a Praha  |b FCC Public  |c 2015 
300 |a 60 s. 
610 2 0 |a právo autorské 
610 2 0 |a predpisy právne 
610 2 0 |a vývoj 
610 2 0 |a právo medzinárodné 
610 2 0 |a ochrana právna 
610 2 0 |a licencie 
610 2 0 |a zmluvy licenčné 
610 2 0 |a kolektív 
610 2 0 |a právo 
610 2 0 |a Česko 
100 1 |a Faladová, Adéla